| 000 | 01608nab a22002417a 4500 | ||
|---|---|---|---|
| 999 |
_c6394 _d6394 |
||
| 003 | OSt | ||
| 005 | 20260201173820.0 | ||
| 008 | 190506c xxu||||| |||| 00| 0 spa d | ||
| 040 | _cPJ | ||
| 100 |
_97033 _aLavignolle, Analía Soledad |
||
| 245 | 1 | 0 |
_aComisiones médicas y acceso a la justica laboral / _cAnalía Soledad Lavignolle. |
| 260 |
_aBuenos Aires : _bAbeledoPerrot, _c2023. |
||
| 300 | _ap. 3-10 | ||
| 500 | _aCita: TR LALEY AR/DOC/2205/2023 | ||
| 505 | _aSumario: I. Introducción.— II. El acceso a la justicia por agotamiento de la instancia administrativa: rechazo.— III. Acceso a la justicia por la vía recursiva.— IV. Sistema de homologación.— V. El silencio administrativo.— VI. Acto definitivo de la Comisión Médica Central.— VII. Acceso a la justicia: el art. 2° inc. j) de la ley 15.057. Ley provincial.— VIII. La declaración de inconstitucionalidad de la ley 27.348: arts. 1° y 2°.— IX. El fallo "Marchetti, Jorge Gabriel c. Fiscalía de Estado de la Provincia de Buenos Aires".— X. El trabajador no registrado.— XI. La constitucionalidad de las resoluciones de las comisiones médicas.— XII. Conclusión.— XIII. Bibliografía. | ||
| 505 | _t¿Te interesa el texto completo? Comunicate al correo: koha@justierradelfuego.gov.ar | ||
| 650 | 0 |
_91316 _aDERECHO LABORAL |
|
| 650 | 0 |
_94942 _aCOMISIONES MÉDICAS |
|
| 650 | 0 |
_91570 _aDERECHOS DEL TRABAJADOR |
|
| 650 | 0 |
_91417 _aACCIDENTES DE TRABAJO |
|
| 773 | 0 |
_02751 _93202 _dBuenos Aires : AbeledoPerrot, 2013- _tRevista de derecho laboral y seguridad social. Nº 20 - Octubre 2023 |
|
| 942 |
_2udc _cANA |
||